Normal view
MARC view
- بغداد(العراق) - وصف رحلات- تاريخ
Entry Topical Term
001 - CONTROL NUMBER
- control field: 9705
003 - CONTROL NUMBER IDENTIFIER
- control field: JO-AjAnu
005 - DATE AND TIME OF LATEST TRANSACTION
- control field: 20230606071848.0
008 - FIXED-LENGTH DATA ELEMENTS
- fixed length control field: 230606|| aca||aabn | a|a d
040 ## - CATALOGING SOURCE
- Original cataloging agency: JO-AjAnu
- Transcribing agency: JO-AjAnu
150 ## - HEADING--TOPICAL TERM
- Topical term or geographic name entry element: بغداد(العراق) - وصف رحلات- تاريخ
670 ## - SOURCE DATA FOUND
- Source citation: Work cat.: (JO-AjAnu)5004: ترجمة وتعليق الزيدي، وليد كاصد, author 9704, بغداد في مذكرات الرحالة الفرنسيين بين القرنين (17-20) الميلاديين